[Event "Pan American-ch School U11 12th"]
[Site "Callao"]
[Date "2023.10.16"]
[Round "2"]
[White "Ortiz Barriales, Leonel Leyton"]
[Black "Castillo Perales, Bernardo Jonay"]
[Result "0-1"]
[WhiteElo "1101"]
[BlackElo "1291"]
[PlyCount "96"]
[EventDate "2023.10.16"]
[EventType "swiss"]
[EventRounds "9"]
[EventCountry "PER"]
[SourceTitle "CB48_2023"]
[SourceDate "2023.11.29"]
[SourceVersion "1"]
[SourceVersionDate "2023.11.29"]
[SourceQuality "1"]

1. d4 d5 2. Bf4 Nf6 3. Nf3 e6 4. e3 c5 5. c3 Qb6 6. b3 Nc6 7. Bd3 Bd7 8. Nbd2 Rc8 9. Ne5 cxd4 10. exd4 Nxe5 11. dxe5 Ng8 12. Rc1 Ne7 13. Nf3 Ng6 14. Bg3 a6 15. c4 Bb4+ 16. Nd2 0-0 17. h4 Qd4 18. Qe2 Bxd2+ 19. Qxd2 f5 20. exf6 Qxf6 21. Bxg6 Qxg6 22. h5 Qf6 23. h6 g6 24. Qe2 b5 25. Be5 Qf5 26. Bg7 Rfe8 27. Rh3 e5 28. Rf3 Qg5 29. Rd1 Bg4 30. Rxd5 Bxf3 31. Qxf3 Qf4 32. Qd1 Qf7 33. Qg4 Rcd8 34. Rxe5 Rxe5+ 35. Bxe5 Re8 36. f4 bxc4 37. bxc4 Qxc4 38. Qg5 Qf7 39. a4 Qe7 40. Qxe7 Rxe7 41. Kd2 Kf7 42. Kc3 Rb7 43. a5 Ke6 44. Kc4 Rb1 45. Kc5 g5 46. Kc6 gxf4 47. Bxf4 Rb4 48. Bd2 Rg4 0-1